|
|
|
|
| LEADER |
00000nam a22000007a 4500 |
| 005 |
20191014231351.0 |
| 007 |
cr|||| |||| |
| 008 |
191014s2018 br |||||s|||| 00||0 por d |
| 020 |
|
|
|a 978-85-69220-38-1
|
| 035 |
|
|
|a 30556
|
| 040 |
|
|
|a vLex
|
| 090 |
|
|
|c 9802
|d 9802
|
| 100 |
1 |
|
|a Da Rocha, Luiz Carlos
|
| 245 |
1 |
1 |
|a O direito ̉sad︢e e o sistema suplementar
|h [Recurso electrn̤ico] /
|c Luiz Carlos Da Rocha
|
| 256 |
|
|
|a Servicio en ln̕ea
|
| 260 |
|
|
|a San Pablo:
|b Editora ContraCorrente,
|c 2018
|
| 300 |
|
|
|a 1 recurso electrn̤ico
|
| 500 |
|
|
|a Fruto de extensa pesquisa e experiencia na area, o livro de Luiz Carlos da Rocha analisa a constitucionalizacao do direito a saude e o papel desempenhado pelo sistema suplementar. Longe de realizar apenas uma catalogacao da disciplina constitucional, o livro e obra preocupada com a construcao de uma compreensao adequada do sistema suplementar de saude na perspectiva do regime juridico dos direitos fundamentais e da constitucionalizacao do direito infraconstitucional. A obra ainda traz anotacoes a Lei n. 9.656/98, que dispoe sobre os planos e seguros privados de assistencia a saude. Este livro, pois, ao ter lancado um olhar critico sobre o sistema de saude, em especial sobre o sistema suplementar de saude, converteu-se em contribuicao fundamental para a apreciacao do tema por especialistas e interessados em geral.
|
| 506 |
1 |
|
|a Disponible solo en los productos indicados
|d vLex Global
|d vLex Global (Academic Edition, excluding Law Schools)
|d vLex Global (U.S. Academic Edition, Law Schools)
|d vLex Global (U.S. Academic Edition, excluding Law Schools)
|d vLex Global (Academic Edition, Law Schools)
|
| 650 |
0 |
4 |
|a Derecho Pb︢lico y Administrativo
|z Brasil
|
| 740 |
0 |
|
|a vLex Libros (Servicio en ln̕ea)
|
| 856 |
4 |
0 |
|u http://vlex.com/source/direito-a-saude-e-o-sistema-suplementar-30556
|z Acceso restringido
|
| 942 |
|
|
|c BOOK
|
| 999 |
0 |
|
|a Public and Administrative Law
|